000 00771nam a22002417a 4500
001 BR8901413
003 BR-BrBNA
005 20230928093157.0
007 ta
008 230509b bl.||||| |||| 00| 0 por d
040 _aBR-BrBNA
_bpor
_cBiblioteca Nacional de Agricultura
041 _a(Fr)
072 _aK10
_b8901
_b/G514
090 _ 8901 BR8901413
110 1 _aInstituto Brasileiro de Desenvolvimento Florestal, Brasilia, DF (Brasil)
_95727
245 1 _aProjeto de concepcao e instalacao de um dispositivo piloto de valorizacao da floresta densa da amazonia brasileira
_bAnexo
260 3 _aBrasilia, DF (Brasil):
_c1974.
300 _a68 p.
500 _a30 illus.
650 _aEXTRACAO DA MADEIRA
909 _a202309
_bLucia
_c55
_dLucia Elande
942 _cBK
999 _c43440
_d43440